Применение Excel в современных корпоративных финансах (Запись № 10040978)
[ простой вид ]
| 000 -МАРКЕР | |
|---|---|
| контрольное поле | 01997nam0a2200337 i 4500 |
| 001 - ИДЕНТИФИКАТОР ЗАПИСИ | |
| контрольное поле | RU\NLR\BIBL_A\010775442 |
| 005 - ИДЕНТИФИКАТОР ВЕРСИИ | |
| контрольное поле | 20260405184925.0 |
| 010 ## - МЕЖДУНАРОДНЫЙ СТАНДАРТНЫЙ НОМЕР КНИГИ (ISBN) | |
| Номер (ISBN) | 9785794212488 |
| Тираж | 300 |
| 021 ## - НОМЕР ГОСУДАРСТВЕННОЙ РЕГИСТРАЦИИ | |
| Код страны | российская федерация |
| Номер | 2015-32597 |
| Номер Листа государственной регистраци | 1932 |
| 035 ## - ДРУГИЕ СИСТЕМНЫЕ НОМЕРА | |
| Идентификатор записи | (NILC)RuMoRGB-007920980 |
| 035 ## - ДРУГИЕ СИСТЕМНЫЕ НОМЕРА | |
| Идентификатор записи | (NLR Aleph) 010775442 |
| 100 ## - ДАННЫЕ ОБЩЕЙ ОБРАБОТКИ | |
| Данные общей обработки | 20150604d2015 u y0rusy50 ca |
| 101 0# - ЯЗЫК РЕСУРСА | |
| Язык текста, звукозаписи и т.д. | русский |
| Язык резюме | английский |
| 102 ## - СТРАНА ПУБЛИКАЦИИ ИЛИ ПРОИЗВОДСТВА | |
| Страна публикации | российская федерация |
| 105 ## - ПОЛЕ КОДИРОВАННЫХ ДАННЫХ: ТЕКСТОВЫЕ МАТЕРИАЛЫ, МОНОГРАФИЧЕСКИЕ | |
| Кодированные данные о монографическом текстовом документе | a|||j|||001yy |
| 200 1# - ЗАГЛАВИЕ И СВЕДЕНИЯ ОБ ОТВЕТСТВЕННОСТИ | |
| Основное заглавие | Применение Excel в современных корпоративных финансах |
| Параллельное заглавие | Application of Excel in modern corporate finance |
| Сведения, относящиеся к заглавию | учебное пособие для студентов бакалавриата |
| Первые сведения об ответственности | П.Н. Брусов, Т.В. Филатова, Н.П. Орехова [и др.] |
| Последующие сведения об ответственности | Федер. гос. образоват. бюджет. учреждение высш. образования "Финансовый ун-т при Правительстве Рос. Федерации", Каф. приклад. математики |
| Язык параллельного заглавия | английский |
| 210 ## - ПУБЛИКАЦИЯ, РАСПРОСТРАНЕНИЕ И ДР. | |
| Место издания, распространения и т.д. | Москва |
| Имя издателя, распространителя и т. д. | Финансовый университет |
| Дата издания, распространения и т.д. | 2015 |
| 215 ## - ФИЗИЧЕСКАЯ ХАРАКТЕРИСТИКА | |
| Специфическое обозначение материала и объем | 171 с. |
| Другие сведения о физической характеристике | ил. |
| Размеры | 28 |
| 320 ## - ПРИМЕЧАНИЯ О НАЛИЧИИ В ДОКУМЕНТЕ БИБЛИОГРАФИИ / УКАЗАТЕЛЯ | |
| Текст примечания | Библиогр.: с. 169 (10 назв.) |
| 510 1# - ПАРАЛЛЕЛЬНОЕ ЗАГЛАВИЕ | |
| Параллельное заглавие | Application of Excel in modern corporate finance |
| Язык заглавия | английский |
| 606 1# - НАИМЕНОВАНИЕ ТЕМЫ КАК ПРЕДМЕТ | |
| Наименование темы | MICROSOFT EXCEL, электронные таблицы |
| Формальный подзаголовок | Учебные издания для высших учебных заведений |
| Тематический подзаголовок | Использование в финансовых расчетах |
| Системный номер авторитетной/нормативной записи | 2097573 |
| Идентификатор авторитетной/нормативной записи | RU\NLR\AUTH\661268984 |
| 686 1# - ИНДЕКСЫ ДРУГИХ КЛАССИФИКАЦИЙ | |
| Индекс | У26(0)в612я73-1 |
| 701 #1 - ИМЯ ЛИЦА - АЛЬТЕРНАТИВНАЯ ОТВЕТСТВЕННОСТЬ | |
| Начальный элемент ввода | Брусов |
| Часть имени, кроме начального элемента ввода | П. Н. |
| Расширение инициалов личного имени | Петр Никитович |
| Системный номер авторитетной/нормативной записи | 131850 |
| Идентификатор авторитетной/нормативной записи | RU\NLR\AUTH\770131884 |
| 701 #1 - ИМЯ ЛИЦА - АЛЬТЕРНАТИВНАЯ ОТВЕТСТВЕННОСТЬ | |
| Материалы, к которым относится поле | rus |
| Графика поля | Кириллица |
| Начальный элемент ввода | Филатова |
| Часть имени, кроме начального элемента ввода | Т. В. |
| Дополнения к именам, кроме дат | канд. экон. наук |
| Расширение инициалов личного имени | Татьяна Васильевна |
| Идентификатор авторитетной/нормативной записи | RU\NLR\AUTH\7781322 |
| Системный номер авторитетной/нормативной записи | 64250 |
| 701 #1 - ИМЯ ЛИЦА - АЛЬТЕРНАТИВНАЯ ОТВЕТСТВЕННОСТЬ | |
| Начальный элемент ввода | Орехова |
| Часть имени, кроме начального элемента ввода | Н.П. |
| Расширение инициалов личного имени | Наталья Петровна |
| 801 #0 - ИСТОЧНИК ЗАПИСИ | |
| Страна | российская федерация |
| Организация | РГБ |
| Дата составления | 20150428 |
| Правила каталогизации | RCR |
| 942 ## - ДОПОЛНИТЕЛЬНЫЕ ЭЛЕМЕНТЫ ЗАПИСИ (АБИС) | |
| Тип экземпляра АБИС | Книга |
| 980 ## - КОЛЛЕКЦИЯ | |
| Название коллекции | НБР |
Нет доступных экземпляров.